| Tag |
First Indicator |
Second Indicator |
Subfields |
| LEADER |
00000cam a2200000 i 4500 |
| 001 |
in00004049413 |
| 005 |
20180718090517.0 |
| 008 |
171103s2018 enk b 001 0 eng d |
| 020 |
|
|
|a 1526126621
|
| 020 |
|
|
|a 9781526126627
|q (paperback)
|
| 035 |
|
|
|a (OCoLC)on1004013741
|
| 040 |
|
|
|a YDX
|e rda
|c YDX
|d LOA
|d EUM
|d TJC
|d TXA
|d UtOrBLW
|
| 049 |
|
|
|a TXAM
|
| 082 |
0 |
|
|a 305.8009497
|2 23
|
| 090 |
|
|
|a HM753
|b .B35 2018
|
| 100 |
1 |
|
|a Baker, Catherine,
|d 1982-
|e author.
|0 http://id.loc.gov/authorities/names/n2010000632
|
| 245 |
1 |
0 |
|a Race and the Yugoslav region :
|b postsocialist, post-conflict, postcolonial? /
|c Catherine Baker.
|
| 264 |
|
1 |
|a Manchester :
|b Manchester University Press,
|c 2018.
|
| 300 |
|
|
|a x. 237 pages ;
|c 22 cm.
|
| 336 |
|
|
|a text
|b txt
|2 rdacontent
|
| 337 |
|
|
|a unmediated
|b n
|2 rdamedia
|
| 338 |
|
|
|a volume
|b nc
|2 rdacarrier
|
| 490 |
1 |
|
|a Theory for a global age
|
| 504 |
|
|
|a Includes bibliographical references (pages [189]-228) and index.
|
| 520 |
|
|
|a This is the first book to situate the territories and collective identities of former Yugoslavia within the politics of race, not just ethnicity, and the history of how ideas of racialized difference have been translated globally. The book connects critical race scholarship, global historical sociologies of 'race in translation' and southeast European cultural critique to show that the Yugoslav region is deeply embedded in global formations of race. In doing this, it considers the everyday geopolitical imagination of popular culture, the history of ethnicity, nationhood and migration, transnational formations of race before and during state socialism, including the Non-Aligned Movement and post-Yugoslav discourses of security, migration, terrorism and international intervention, including the War on Terror and the present refugee crisis.
|
| 650 |
|
0 |
|a Group identity
|z Former Yugoslav republics.
|
| 651 |
|
0 |
|a Yugoslavia
|x Politics and government.
|0 http://id.loc.gov/authorities/subjects/sh85149483
|
| 651 |
|
0 |
|a Yugoslavia
|x Ethnic relations
|x Political aspects.
|
| 830 |
|
0 |
|a Theory for a global age.
|0 http://id.loc.gov/authorities/names/no2014149826
|
| 945 |
|
|
|a PromptCat
|
| 948 |
|
|
|a cataloged
|b h
|c 2018/5/23
|d c
|e dmitchel
|f 8:30:20 am
|
| 994 |
|
|
|a C0
|b TXA
|
| 999 |
f |
f |
|s 0f6f438a-6d6a-3b13-892b-667bfb3e6eed
|i 0e9c47f9-465c-350b-9163-e49b60aa3f35
|t 0
|
| 952 |
f |
f |
|p normal
|a Texas A&M University
|b College Station
|c Sterling C. Evans Library
|d Evans: Library Stacks
|t 0
|e HM753 .B35 2018
|h Library of Congress classification
|i unmediated -- volume
|m A14850531725
|
| 998 |
f |
f |
|a HM753 .B35 2018
|t 0
|l Evans: Library Stacks
|